书目信息 |
| 题名: |
战国策
|
|
| 作者: | 刘向 编 | |
| 分册: | ||
| 出版信息: | 北京 中国致公出版社 2016 |
|
| 页数: | 319页 | |
| 开本: | 21cm | |
| 丛书名: | ||
| 单 册: | ||
| 中图分类: | K231.04 | |
| 科图分类: | ||
| 主题词: | 中国历史--zhong guo li shi--战国时代--史籍 , 《战国策》--zhan guo ce | |
| 电子资源: | ||
| ISBN: | 978-7-5145-0968-7 | |
| 000 | 01240nam0 22002411 450 | |
| 001 | 0120082218 | |
| 005 | 20170320082218.0 | |
| 010 | @a978-7-5145-0968-7@dCNY28.00 | |
| 100 | @a20160725d2016 em y0chiy0110 ea | |
| 101 | 0 | @achi |
| 102 | @aCN@b110000 | |
| 105 | @ay z 000yy | |
| 106 | @ar | |
| 200 | 1 | @a战国策@9zhan guo ce@f(西汉)刘向编 |
| 210 | @a北京@c中国致公出版社@d2016 | |
| 215 | @a319页@d21cm | |
| 330 | @a《战国策》是汇编而成的历史著作,作者不明,非一时一人之作。其中所包含的资料,主要出于战国时代,包括策士的著作和史臣的记载,汇集成书当在秦统一以后。原来的书名不确定,西汉刘向考订整理后,定名为《战国策》。总共三十三篇,按国别记述,计有东周一、西周一、秦五、齐六、楚四、赵四、魏四、韩三、燕三、宋、卫合为一、中山一。记事年代大致上接《春秋》,下迄秦统一。以策士的游说活动为中心,反映出这一时期各国政治、外交的情状。全书没有系统完整的体例,都是相互独立的单篇。《战国策》善于述事明理,大量运用寓言、譬喻,语言生动,富于文采。虽然书中所记史实和说辞不可尽信,但其仍是研究战国社会的重要史料。 | |
| 606 | 0 | @a中国历史@9zhong guo li shi@x战国时代@x史籍 |
| 606 | 0 | @a《战国策》@9zhan guo ce |
| 690 | @aK231.04@v5 | |
| 701 | 0 | @c(西汉)@a刘向@9liu xiang@4编 |
| 801 | 0 | @aCN@bTANGWEI@c20170308 |
| 905 | @b0957102-4@dK231.04@e17@f3 | |
| 战国策/(西汉)刘向编.-北京:中国致公出版社,2016 |
| 319页;21cm |
| ISBN 978-7-5145-0968-7:CNY28.00 |
| 《战国策》是汇编而成的历史著作,作者不明,非一时一人之作。其中所包含的资料,主要出于战国时代,包括策士的著作和史臣的记载,汇集成书当在秦统一以后。原来的书名不确定,西汉刘向考订整理后,定名为《战国策》。总共三十三篇,按国别记述,计有东周一、西周一、秦五、齐六、楚四、赵四、魏四、韩三、燕三、宋、卫合为一、中山一。记事年代大致上接《春秋》,下迄秦统一。以策士的游说活动为中心,反映出这一时期各国政治、外交的情状。全书没有系统完整的体例,都是相互独立的单篇。《战国策》善于述事明理,大量运用寓言、譬喻,语言生动,富于文采。虽然书中所记史实和说辞不可尽信,但其仍是研究战国社会的重要史料。 |
| ● |
| 相关链接 |
|
|
|
|
正题名:战国策
索取号:K231.04/17
 
预约/预借
| 序号 | 登录号 | 条形码 | 馆藏地/架位号 | 状态 | 备注 |
| 1 | 0957102 | 209571024 | 第二样本阅览室/ [索取号:K231.04/17] | 在馆 | |
| 2 | 0957103 | 209571033 | 第二借阅区/ [索取号:K231.04/17] |
已借出,限还日期为2019.06.14 借出人:靳铎 |
|
| 3 | 0957104 | 209571042 | 第二借阅区/ [索取号:K231.04/17] | 在馆 |